| 000 -LEADER |
| fixed length control field |
01459nam a22002657a 4500 |
| 003 - CONTROL NUMBER IDENTIFIER |
| control field |
OSt |
| 005 - DATE AND TIME OF LATEST TRANSACTION |
| control field |
20260203111518.0 |
| 008 - FIXED-LENGTH DATA ELEMENTS--GENERAL INFORMATION |
| fixed length control field |
260203b ||||| |||| 00| 0 eng d |
| 020 ## - INTERNATIONAL STANDARD BOOK NUMBER |
| International Standard Book Number |
9781635297522 |
| 040 ## - CATALOGING SOURCE |
| Transcribing agency |
KH8 |
| 082 ## - DEWEY DECIMAL CLASSIFICATION NUMBER |
| Classification number |
FIC HUN |
| 100 ## - MAIN ENTRY--PERSONAL NAME |
| Personal name |
Hunter, Neil, |
| Relator term |
author. |
| 245 ## - TITLE STATEMENT |
| Title |
Cade: |
| Remainder of title |
Darksiders / |
| Statement of responsibility, etc. |
Neil Hunter. |
| 260 ## - PUBLICATION, DISTRIBUTION, ETC. |
| Place of publication, distribution, etc. |
India ; |
| Name of publisher, distributor, etc. |
Caliber Books , |
| Date of publication, distribution, etc. |
2023. |
| 300 ## - PHYSICAL DESCRIPTION |
| Extent |
208 pages : |
| Dimensions |
21 cm. |
| 490 ## - SERIES STATEMENT |
| Series statement |
Cade |
| 520 ## - SUMMARY, ETC. |
| Summary, etc. |
In mid-21st century America - over-populated cities harbor ordinary citizens who are oppressed by money manipulators, drug pushers and daily violence. And beyond the cities lay vast wastelands of chemically polluted regions teaming with outlaws and mutants. Law enforcement, as it has always been, is seemingly on the brink of collapse against the ever increasing tide of lawlessness, corrupt political officials, and a system that favors the criminal and not the victims. However U.S. Justice Marshal Thomas Jefferson Cade is one of a new breed of law enforcers. Teamed with his Cyborg partner, Janek, an infuriatingly logical masterpiece of engineering, they take on the criminal elements and deal out sentences that the rules of the law does not find so black and white. |
| 650 ## - SUBJECT ADDED ENTRY--TOPICAL TERM |
| Topical term or geographic name entry element |
Science fiction |
| 650 ## - SUBJECT ADDED ENTRY--TOPICAL TERM |
| Topical term or geographic name entry element |
Detective |
| Form subdivision |
Fiction |
| 650 ## - SUBJECT ADDED ENTRY--TOPICAL TERM |
| Topical term or geographic name entry element |
Thriller |
| Form subdivision |
Fiction |
| 700 ## - ADDED ENTRY--PERSONAL NAME |
| Personal name |
Linaker, Michael R. , |
| Relator term |
author. |
| 700 ## - ADDED ENTRY--PERSONAL NAME |
| Personal name |
Naazare, Manish, |
| Relator term |
cover artist. |
| 830 ## - SERIES ADDED ENTRY--UNIFORM TITLE |
| Uniform title |
Cade |
| 942 ## - ADDED ENTRY ELEMENTS (KOHA) |
| Source of classification or shelving scheme |
|
| Koha item type |
Books - Fiction |